CNE ; (Record no. 36043)

MARC details
000 -LEADER
fixed length control field 00472nam a22001697a 4500
005 - DATE AND TIME OF LATEST TRANSACTION
control field 20240704121753.0
008 - FIXED-LENGTH DATA ELEMENTS--GENERAL INFORMATION
fixed length control field 240704b |||||||| |||| 00| 0 eng d
020 ## - INTERNATIONAL STANDARD BOOK NUMBER
ISBN 9780764545436
082 ## - DEWEY DECIMAL CLASSIFICATION NUMBER
Classification number 005.447
Item number CLA-C
100 ## - MAIN ENTRY--AUTHOR
Author Name Clarcke David James
245 ## - TITLE STATEMENT
Title CNE ;
Remainder of title Study Guide for Netware 5 /
Statement of responsibility, etc. David James clarke
260 ## - PUBLICATION, DISTRIBUTION, ETC.
Place of Publication USA:
Name of publisher, distributor, etc. Novel Press;
Date of publication, distribution, etc. 1999.
300 ## - PHYSICAL DESCRIPTION
Pages xiii,1447 p. :
500 ## - GENERAL NOTE
General note include index.
650 ## - SUBJECT ADDED ENTRY--TOPICAL TERM
Subject / Department Networking
300 ## - PHYSICAL DESCRIPTION
-- ill;
-- 23 cm.
952 ## - LOCATION AND ITEM INFORMATION (KOHA)
-- 0
-- 0
Holdings
Lost status Damaged status Collection code Permanent Location Current Location Shelving Location Date acquired Full Call Number Accession No./Barcode Date last seen Copy number item type Koha item type
    CS/IT Superior Information Resource Center (SIRC) Superior University- Gold Campus Superior Information Resource Center (SIRC) Superior University- Gold Campus Networking 07/04/2024 005.447 CLA-C 1999 16324 07/04/2024 1 BOOK BOOK

Powered by Koha